| 000 | 03086nam a22002177a 4500 | ||
|---|---|---|---|
| 003 | GR-AtEVE | ||
| 005 | 20260110110131.0 | ||
| 006 | a|||||r||||||||||| | ||
| 008 | 161124n||||||||gr g ||| gre # | ||
| 020 | _a9789604617425 | ||
| 040 |
_bgre _aGR-AtMCL _dGR-AtMCL _eAACR2 |
||
| 041 | 1 | _heng | |
| 245 | 0 | 2 |
_aΟ κήπος του χειμώνα / _cKristin Hannah ; μετάφραση Έφη Τσιρώνη |
| 260 |
_aΑθήνα : _bΚλειδάριθμος, _c2017 |
||
| 300 |
_a534 σ. ; _c21 εκ. |
||
| 500 | _aΤίτλος πρωτοτύπου: Winter garden | ||
| 520 | _aΛένινγκραντ, 1941. Μια πόλη άλλοτε ονειρεμένη, τώρα πολιορκείται από τους Ναζί -θαμμένη στο χιόνι, αποκομμένη από κάθε βοήθεια... Μια πόλη γεμάτη γυναίκες που πασχίζουν απεγνωσμένα να σώσουν τα παιδιά τους και τον εαυτό τους -με κάθε τίμημα... Σιάτλ, 2000. Η Άνια Γουίτσον χάνει τον σύζυγό της και νιώθει μεμιάς τα χρόνια και τη θλίψη να τη βαραίνουν αβάσταχτα. Είναι πια ώρα ν' απλώσει το χέρι στις αποξενωμένες κόρες της. Σιγά σιγά, διστακτικά, αρχίζει να τους εξιστορεί ένα παραμύθι για μια όμορφη μικρή Ρωσίδα που ζούσε σε μια μαγική πόλη πριν από μια ολόκληρη ζωή... Η Νίνα και η Μέρεντιθ έχουν ακούσει πολλές φορές την αρχή του παραμυθιού, αλλά ποτέ το τέλος. Αυτή τη φορά, αποφασισμένες να βρουν την αλήθεια πίσω από τον μύθο, θα πιέσουν τη μητέρα τους να διηγηθεί ολόκληρη την ιστορία. Και θα ανακαλύψουν ένα μυστικό τόσο αδιανόητο που θα τις ταράξει συθέμελα -και θα τις κάνει να δουν με άλλα μάτια τη μητέρα τους, την οικογένειά τους, αλλά και τη δική τους ζωή. "Ο Κήπος του χειμώνα" είναι μια επική ιστορία αγάπης στη Ρωσία του Β΄ Παγκοσμίου Πολέμου, αλλά και μια ιστορία για τους ακατάλυτους δεσμούς ανάμεσα στις γυναίκες -μητέρες, κόρες, αδερφές- την ενοχή και την εξιλέωση. Είναι μια ιστορία για τον πόλεμο -όχι των ηρώων, αλλά των απλών ανθρώπων που τον κουβαλούν μέσα τους ακόμη κι όταν έχει πια από καιρό τελειώσει. | ||
| 650 | 0 |
_aΑμερικανική λογοτεχνία _910235 |
|
| 942 | _cBK | ||
| 999 |
_c10028 _d10028 |
||